José Moreno Nieto y Villarejo : (Record no. 194047)

MARC details
000 -LEADER
campo de control de longitud fija 01774nam a2200409 i 4500
001 - NÚMERO DE CONTROL
campo de control 194047
003 - IDENTIFICADOR DE NÚMERO DE CONTROL
campo de control ES-MaACL
005 - FECHA Y HORA DE LA ÚLTIMA TRANSACCIÓN
campo de control 20260216183914.0
007 - CAMPO FIJO DE DESCRIPCIÓN FÍSICA--INFORMACIÓN GENERAL
campo de control de longitud fija ta
008 - DATOS DE LONGITUD FIJA--INFORMACIÓN GENERAL
campo de control de longitud fija 240219s2024 sp 000 0 spa d
017 ## - NÚMERO DE COPYRIGHT O DE DEPÓSITO LEGAL
Número de copyright o de depósito legal CC-000034-2024
Agencia que asigna Oficina Depósito Legal Cáceres
020 ## - NÚMERO INTERNACIONAL ESTÁNDAR DEL LIBRO
Número Internacional Estándar del Libro 9788412829501
040 ## - FUENTE DE CATALOGACIÓN
Centro catalogador/agencia de origen ES-MaCSI
Lengua de catalogación spa
Centro/agencia transcriptor ES-MaACL
080 ## - NÚMERO DE LA CLASIFICACIÓN DECIMAL UNIVERSAL
Número de la Clasificación Decimal Universal 929José Moreno Nieto
100 1# - ENTRADA PRINCIPAL--NOMBRE DE PERSONA
Nombre de persona Ramos Rubio, José Antonio,
Fechas asociadas al nombre 1963-
Término indicativo de función/relación Autor
9 (RLIN) 174430
245 10 - MENCIÓN DEL TÍTULO
Título José Moreno Nieto y Villarejo :
Resto del título jurisconsulto, político y arabista /
Mención de responsabilidad, etc. José Antonio Ramos Rubio, José Luis Pérez Mena, Oscar de San Macario Sánchez
Medio [Texto impreso]
250 ## - MENCION DE EDICION
Mención de edición 1ª edición
260 ## - PUBLICACIÓN, DISTRIBUCIÓN, ETC.
Lugar de publicación, distribución, etc. Cáceres :
Nombre del editor, distribuidor, etc. Tau Editores,
Fecha de publicación, distribución, etc. D.L. 2024.
264 ## - PRODUCCIÓN, PUBLICACIÓN, DISTRIBUCIÓN, FABRICACIÓN Y COPYRIGHT
Producción, publicación, distribución, fabricación y copyright ©2024
300 ## - DESCRIPCIÓN FÍSICA
Extensión 201 páginas ;
Dimensiones 23 cm.
336 ## - TIPO DE CONTENIDO
Fuente rdacontent
Término de tipo de contenido texto
337 ## - TIPO DE MEDIO
Fuente rdamedia
Nombre/término del tipo de medio sin mediación
338 ## - TIPO DE SOPORTE
Fuente rdacarrier
Nombre/término del tipo de soporte volumen
600 10 - PUNTO DE ACCESO ADICIONAL DE MATERIA--NOMBRE DE PERSONA
Nombre de persona Moreno Nieto, José,
Fechas asociadas al nombre 1825-1882-
Subdivisión general Biografías
9 (RLIN) 235663
655 #0 - TERMINO DE INDIZACIÓN--GENERO/FORMA
Datos o término principal de género/forma Biografías
9 (RLIN) 176647
700 1# - ENTRADA AGREGADA--NOMBRE PERSONAL
Nombre de persona Pérez Mena, José Luis,
Fechas asociadas al nombre 1962-
9 (RLIN) 234891
Término indicativo de función/relación Autor
700 ## - ENTRADA AGREGADA--NOMBRE PERSONAL
Nombre de persona San Macario Sánchez, Óscar de
9 (RLIN) 235664
Término indicativo de función/relación Autor
852 ## - LOCALIZACIÓN
Ubicación ES-MaACL
Sublocalización o colección R.155066
Ubicación en estantería Depósito J
Número de control de estantería N-9836
Encuadernación Encuadernación rústica con solapas
Donativo/Legado Donación: José Antonio Ramos Rubio ; José Luis Pérez Mena ; Oscar de San Macario Sánchez
itemnumber 202180
903 ## - NOMBRE PERSONAL DE DONANTE
a Ramos Rubio, José Antonio,
d 1963-
e Donante
9 174430
903 ## - NOMBRE PERSONAL DE DONANTE
9 234891
a Pérez Mena, José Luis,
d 1962-
e Donante
903 ## - NOMBRE PERSONAL DE DONANTE
9 235664
a San Macario Sánchez, Óscar de
e Donante
942 ## - ELEMENTOS DE ENTRADA SECUNDARIOS (KOHA)
Tipo de ítem Koha Libro impreso
Suprimir en OPAC No
Holdings
Estatus retirado Estado de pérdida Fuente del sistema de clasificación o colocación Estado de daño No para préstamo Biblioteca de origen Biblioteca actual Ubicación en estantería Fecha de adquisición Fuente de adquisición Total de préstamos Signatura topográfica completa Código de barras Visto por última vez Precio de reemplazo Tipo de ítem Koha
    Clasificación decimal universal     Biblioteca del Ateneo de Madrid Biblioteca del Ateneo de Madrid Depósito J 07/05/2024 Donación   N-9836 101227496 07/05/2024 07/05/2024 Libro impreso